Screenplay : (Record no. 126807)

MARC details
000 -LEADER
campo de control de longitud fija 02026nam a22002897a 4500
003 - IDENTIFICADOR DE NÚMERO DE CONTROL
campo de control BJBSDDR
005 - FECHA Y HORA DE LA ÚLTIMA TRANSACCIÓN
campo de control 20260429102552.0
007 - CAMPO FIJO DE DESCRIPCIÓN FÍSICA--INFORMACIÓN GENERAL
campo de control de longitud fija ta
008 - DATOS DE LONGITUD FIJA--INFORMACIÓN GENERAL
campo de control de longitud fija 260414s2003 cau||||| |||| 00| 0 eng d
020 ## - NÚMERO INTERNACIONAL ESTÁNDAR DEL LIBRO
Número Internacional Estándar del Libro 9781879505704
020 ## - NÚMERO INTERNACIONAL ESTÁNDAR DEL LIBRO
Número Internacional Estándar del Libro 879505703
040 ## - FUENTE DE CATALOGACIÓN
Lengua de catalogación eng
Centro/agencia transcriptor DLC
041 ## - CÓDIGO DE IDIOMA
Código de lengua del texto/banda sonora o título independiente eng
050 14 - SIGNATURA TOPOGRÁFICA DE LA BIBLIOTECA DEL CONGRESO
Número de clasificación PN 1996
Número de ítem R969s 2003
100 1# - ENTRADA PRINCIPAL--NOMBRE DE PERSONA
Nombre de persona Russin, Robin U.
Forma completa/desarrollada del nombre (Robin Uriel),
Fechas asociadas al nombre 1957-
9 (RLIN) 4115
245 10 - MENCIÓN DEL TÍTULO
Título Screenplay :
Resto del título writing the picture /
Mención de responsabilidad, etc. Robin U. Russin and William Missouri Downs.
260 ## - PUBLICACIÓN, DISTRIBUCIÓN, ETC.
Lugar de publicación, distribución, etc. Los Angeles :
Nombre del editor, distribuidor, etc. Silman-James Press,
Fecha de publicación, distribución, etc. 2003
300 ## - DESCRIPCIÓN FÍSICA
Extensión xv, 438 pages :
Otras características físicas illustrations ;
Dimensiones 26 cm
500 ## - NOTA GENERAL
Nota general Originally published: Fort Worth : Harcourt College Publishers, 2000.
504 ## - NOTA DE BIBLIOGRAFÍA, ETC.
Nota de bibliografía, etc. Includes bibliographical references (pages [414]-416) and index.
520 ## - RESUMEN, ETC.
Sumario, etc. Screenplay is a complete screenwriting course-from developing a theme, researching a story, plotting and structuring a script, developing characters, and plying methods that aid the actual writing and rewriting processes through understanding the ins and outs of marketing and pitching scripts.<br/><br/>Well-written, comprehensive, and filled with illustrative screenplay examples, both innovative and tried-and-true writing techniques, sage advice from veteran writers, and pertinent writing anecdotes, this one-of-a-kind screenwriting book will help both novices and working screenwriters improve and sell their scripts.<br/><br/>Robin U. Russin is a playwright, award-winning screenwriter, producer, University of California, Riverside, screenwriting teacher. Among his film-writing credits is the feature On Deadly Ground.<br/><br/>William Missouri Downs is an award-winning playwright whose work has been produced at the Kennedy Center and around the world. Two of his most recent plays, Cockeyed and Kosher Lutherans are published by Samuel French.
650 #4 - PUNTO DE ACCESO ADICIONAL DE MATERIA--TÉRMINO DE MATERIA
Término de materia o nombre geográfico como elemento de entrada Cine
Subdivisión general Argumentos, tramas, etc.
9 (RLIN) 4047
650 #4 - PUNTO DE ACCESO ADICIONAL DE MATERIA--TÉRMINO DE MATERIA
Término de materia o nombre geográfico como elemento de entrada Cinematografía
Subdivisión general Arte de escribir
9 (RLIN) 3791
700 1# - ENTRADA AGREGADA--NOMBRE PERSONAL
Nombre de persona Downs, William Missouri,
Fechas asociadas al nombre 1955-
9 (RLIN) 4116
942 ## - ELEMENTOS DE ENTRADA SECUNDARIOS (KOHA)
Fuente del sistema de clasificación o colocación Clasificación de Library of Congress
Tipo de ítem Koha Libro
946 ## - PROCESAMIENTO DE INFORMACIÓN LOCAL (OCLC)
Iniciales del agente catalogador cmc
Holdings
Estatus retirado Estado de pérdida Fuente del sistema de clasificación o colocación Estado de daño No para préstamo Colección Biblioteca de origen Biblioteca actual Ubicación en estantería Fecha de adquisición Signatura topográfica completa Código de barras Visto por última vez Copia número Tipo de ítem Koha
    Clasificación de Library of Congress     Humanidades Biblioteca Juan Bosch Biblioteca Juan Bosch Humanidades (4to. Piso) 14/04/2026 PN 1996 R969s 2003 00000198952 14/04/2026 1 Libro